00786nam a22002057a 4500003000500000005001700005008004100022010001000063011001000073035001100083040000900094100003800103245018800141260004100329300002900370502011100399650002700510650001600537650002700553CHAP20220329143123.0010920d2001 mx a r 00110 spa d a92226 a93198 a103770 cCHAP1 aGonzález Ochoa, Mitzi Georgina.10aManejo químico preventivo y curativo de la antracnosis (Colletotrichum gloeosperioides Penz.) en hojas de mango (Mangifera indica L.) cv haden.c/por Mitzi Georgina González Ochoa aChapingo, Méx. :bEl autor,c2006. a51 h. :bilus.; cuadros. aTesis ( Ing. Agr. Esp. en Parasitología Agrícola) - - UACH. Departamento de Parasitología Agrícola14aAntracnosis del mango.14aFungicidas.14aMangoxPreservación.